00439nam a2200145 a 450000100100000000500170001000800410002702000180006804000250008608200160011110000290012724500710015626000390022730000270026600004702320201002053308.0180411s2004 dr a 000 0 spa d a9789945122145 aDO-SdBNPbspacBNPHU axxxxbG216a1 aGarcía V., María Luz10aAprendo a escribir con María y Manuel /cMaría Luz García V. aSanto Domingo :bSusaeta,c[s.f.]. a64 p. :bil. ;c29 cm.